Methods for improving the sound insulation between converted flats (Record no. 91990)

MARC details
000 -LEADER
fixed length control field 00679cam a2200229 4500
001 - CONTROL NUMBER
control field B1849
008 - FIXED-LENGTH DATA ELEMENTS--GENERAL INFORMATION
fixed length control field 090401t1988 xxu||||| |||| 00| 0 eng d
035 ## - SYSTEM CONTROL NUMBER
System control number (Sirsi) u46762
041 ## - LANGUAGE CODE
Language code of text/sound track or separate title eng
050 ## - LIBRARY OF CONGRESS CALL NUMBER
Classification number 693.834
100 ## - MAIN ENTRY--PERSONAL NAME
Personal name Fothergill, L.C.
245 ## - TITLE STATEMENT
Title Methods for improving the sound insulation between converted flats
260 ## - PUBLICATION, DISTRIBUTION, ETC.
Place of publication, distribution, etc. Garston,Watford
Name of publisher, distributor, etc. Building Research Establishment
Date of publication, distribution, etc. 1988
300 ## - PHYSICAL DESCRIPTION
Extent (4)p. : ill. ; 30cm.
350 ## - PRICE (NR) (BK AM CF MU VM SE) [OBSOLETE]
Price 19.5
490 ## - SERIES STATEMENT
Series statement BRE Information Paper
Volume/sequential designation 6/88
650 ## - SUBJECT ADDED ENTRY--TOPICAL TERM
Topical term or geographic name entry element CONVERSIONS
650 ## - SUBJECT ADDED ENTRY--TOPICAL TERM
Topical term or geographic name entry element BUILT ENVIRONMENT-BUILDING ELEMENTS-COMPLETE BUILDING ELEMENTS-FLOORS
700 ## - ADDED ENTRY--PERSONAL NAME
Personal name Nielsen, O.S.
942 ## - ADDED ENTRY ELEMENTS (KOHA)
Suppress in OPAC 0
948 ## - LOCAL PROCESSING INFORMATION (OCLC); SERIES PART DESIGNATOR (RLIN)
c (OCLC) 04/03/1997
Holdings
Withdrawn status Lost status Source of classification or shelving scheme Damaged status Not for loan Home library Current library Shelving location Date acquired Cost, normal purchase price Total Checkouts Full call number Barcode Date last seen Copy number Cost, replacement price Price effective from Koha item type
    Dewey Decimal Classification     London London Boxed set 14/09/1999 19.50   BOXED SET 30022106 06/08/2019 1 19.50 06/08/2019 Book